[Event "Qatar Masters Open 2024"]
[Site "Doha QAT"]
[Date "2024.12.12"]
[Round "9.2"]
[White "Abdusattorov, Nodirbek"]
[Black "Mendonca, Leon Luke"]
[Result "1-0"]
[WhiteTitle "GM"]
[BlackTitle "GM"]
[WhiteElo "2777"]
[BlackElo "2642"]
[WhiteFideId "14204118"]
[BlackFideId "35028561"]
[EventDate "2024.12.03"]

1. e4 e6 2. d4 d5 3. e5 c5 4. c3 Nc6 5. Nf3 Qb6 6. g3 Bd7 7. Bh3 Nge7 8. O-O Ng6
9. Re1 cxd4 10. cxd4 Bb4 11. Re3 Rc8 12. Nc3 Na5 13. Na4 Qc6 14. a3 Be7 15. Rc3
Nc4 16. b3 O-O 17. Bf1 Qc7 18. Nb2 Qa5 19. Nxc4 dxc4 20. Bd2 Bc6 21. bxc4 Rfd8
22. h4 Qb6 23. h5 Nf8 24. Rb1 Bxf3 25. Rxf3 Qxd4 26. Rxb7 Bg5 27. Rfxf7 Rd7 28.
Rfxd7 Nxd7 29. Qa4 Rf8 30. Qxa7 Qxa7 31. Rxa7 Nxe5 32. Bxg5 Nf3+ 33. Kg2 Nxg5
34. Bd3 Rd8 35. f4 Rxd3 36. fxg5 Rc3 37. g6 hxg6 38. hxg6 Kf8 39. Rf7+ Ke8 40.
Rxg7 Rxc4 41. Rg8+ Ke7 42. g7 Kf7 43. Re8 Kxg7 44. Rxe6 Ra4 45. Re3 Kg6 46. Kf2
Kg5 47. Ke2 Kf5 48. Kd2 Ra8 49. Kc2 Kf6 50. Kb3 Rb8+ 51. Ka2 Ra8 52. g4 Ra4 53.
Rg3 Ra8 54. g5+ Kg6 55. Rg4 Kf5 56. Rg1 Kg6 57. Rg3 Ra7 58. Kb3 Rb7+ 59. Kc4 Ra7
60. Kb5 Rb7+ 61. Ka6 Rb1 62. a4 1-0

[Event "Qatar Masters Open 2024"]
[Site "Doha QAT"]
[Date "2024.12.12"]
[Round "9.3"]
[White "Sargsyan, Shant"]
[Black "Salem, A.R. Saleh"]
[Result "1/2-1/2"]
[WhiteTitle "GM"]
[BlackTitle "GM"]
[WhiteElo "2646"]
[BlackElo "2622"]
[WhiteFideId "13306766"]
[BlackFideId "9301348"]
[EventDate "2024.12.03"]

1. e4 c5 2. Nf3 d6 3. Bb5+ Nd7 4. d4 cxd4 5. Nxd4 Nf6 6. O-O a6 7. Bd3 Nc5 8.
Nc3 e5 9. Nf5 h6 10. Ne3 Be6 11. b4 Nxd3 12. Qxd3 Be7 13. a4 O-O 14. Rd1 Rc8 15.
Bd2 Qc7 16. Be1 Rfd8 17. Rab1 Bc4 18. Nxc4 Qxc4 19. Rb2 d5 20. Nxd5 Nxd5 21.
Qxc4 Rxc4 22. exd5 e4 23. c3 f5 24. Re2 Kf7 25. f3 a5 26. fxe4 fxe4 27. bxa5
Rxa4 28. Bf2 Bf6 29. Bb6 Rd7 30. Rc2 Rc4 31. Kf2 Ke7 32. Ke3 Bg5+ 33. Ke2 Bf6
34. Rb2 Rxc3 35. Rb4 Rc2+ 36. Kf1 Kd6 37. Rxe4 Rf7 38. Re6+ Kd7 39. Kg1 Re7 40.
Rxe7+ Bxe7 41. Bd4 Bc5 42. Bxc5 Rxc5 43. Rb1 Kc8 44. d6 Rxa5 45. d7+ Kxd7 46.
Rxb7+ Ke6 47. Rxg7 Kf6 1/2-1/2

[Event "Qatar Masters Open 2024"]
[Site "Doha QAT"]
[Date "2024.12.12"]
[Round "9.4"]
[White "Artemiev, Vladislav"]
[Black "Zemlyanskii, Ivan"]
[Result "1/2-1/2"]
[WhiteTitle "GM"]
[BlackTitle "GM"]
[WhiteElo "2701"]
[BlackElo "2543"]
[WhiteFideId "24101605"]
[BlackFideId "24249971"]
[EventDate "2024.12.03"]

1. e4 c5 2. c3 d5 3. exd5 Nf6 4. Qa4+ Nbd7 5. Qb3 g6 6. Nf3 Bg7 7. Be2 O-O 8.
O-O b6 9. Bb5 Bb7 10. Bc6 Bxc6 11. dxc6 Nb8 12. d4 cxd4 13. Nxd4 Qc7 14. Qc4 Rc8
15. Rd1 Nxc6 16. Qxc6 Qxc6 17. Nxc6 Rxc6 18. a4 e6 19. Na3 Nd5 20. Nc2 a6 21.
Ne3 Nc7 22. Nc2 Nd5 23. Be3 Rac8 24. Kf1 Be5 25. h3 Kg7 26. Bd2 h5 27. Ne3 Ne7
28. Be1 R6c7 29. Ra3 Bf4 30. Nc2 Nd5 31. h4 Bd6 32. Raa1 Be7 33. g3 g5 34. hxg5
Bxg5 35. Rd4 Bf6 36. Re4 Rc4 37. f3 Kg6 38. Bf2 b5 39. axb5 axb5 40. Na3 Ra8 41.
Nc2 Rxa1+ 42. Nxa1 Rc8 43. Nc2 Ra8 44. Nb4 Ra1+ 45. Kg2 Ne7 46. Nd3 Nd5 1/2-1/2

[Event "Qatar Masters Open 2024"]
[Site "Doha QAT"]
[Date "2024.12.12"]
[Round "9.5"]
[White "Idani, Pouya"]
[Black "Tabatabaei, M. Amin"]
[Result "1/2-1/2"]
[WhiteTitle "GM"]
[BlackTitle "GM"]
[WhiteElo "2603"]
[BlackElo "2695"]
[WhiteFideId "12510130"]
[BlackFideId "12521213"]
[EventDate "2024.12.03"]

1. e4 e5 2. Nf3 Nc6 3. Bb5 a6 4. Ba4 Nf6 5. d3 b5 6. Bb3 Bc5 7. a4 Rb8 8. axb5
axb5 9. Nc3 O-O 10. O-O d6 11. Be3 Bg4 12. h3 Bxf3 13. Qxf3 Nd4 14. Bxd4 Bxd4
15. Ra2 c6 16. Ne2 Bb6 17. Raa1 g6 18. Kh1 Kg7 19. Qg3 d5 20. Qxe5 Re8 21. Qc3
dxe4 22. dxe4 Rxe4 23. Ng3 b4 24. Qxc6 Qe8 25. Qxe8 Rexe8 26. Rad1 h5 27. f3
Rbd8 28. Rxd8 Rxd8 29. Ne4 h4 30. Nxf6 Kxf6 31. c3 bxc3 32. bxc3 Rd3 33. Rd1
Rxd1+ 34. Bxd1 1/2-1/2

[Event "Qatar Masters Open 2024"]
[Site "Doha QAT"]
[Date "2024.12.12"]
[Round "9.7"]
[White "Nihal, Sarin"]
[Black "Daneshvar, Bardiya"]
[Result "1/2-1/2"]
[WhiteTitle "GM"]
[BlackTitle "GM"]
[WhiteElo "2676"]
[BlackElo "2600"]
[WhiteFideId "25092340"]
[BlackFideId "12576468"]
[EventDate "2024.12.03"]

1. e4 c5 2. Nf3 d6 3. Nc3 a6 4. g3 g6 5. d4 cxd4 6. Qxd4 Nf6 7. e5 Nc6 8. Qa4
dxe5 9. Nxe5 Bd7 10. Nxd7 Qxd7 11. Bg2 Qe6+ 12. Ne4 Bg7 13. c3 O-O 14. Qb3 Nd5
15. O-O Na5 16. Nc5 Nxb3 17. Nxe6 Nxc1 18. Nxf8 Nxc3 19. bxc3 Ne2+ 20. Kh1 Kxf8
21. Rab1 Nxc3 22. Rxb7 Rd8 23. a3 Bd4 24. Rb4 Kg7 25. Rc4 Bf6 26. a4 Rd2 27. Bf3
Ra2 28. Bc6 a5 29. Rc1 Ne2 30. R1c2 Ra1+ 31. Kg2 Nd4 32. Rc1 Ra2 33. Ba8 h5 34.
h4 Nf5 35. R1c2 Ra3 36. Bc6 Nd4 37. R2c3 Ra1 38. Be4 Re1 39. Re3 Ra1 40. Rd3 e5
41. Bd5 Be7 42. Rdc3 Bd6 43. Rc1 Rxc1 44. Rxc1 f5 45. f3 g5 46. hxg5 Kg6 47. Rb1
Bb4 48. Rh1 Bd2 49. Bc4 Bxg5 50. Bb5 f4 51. Bd3+ Kf6 52. gxf4 Bxf4 53. Rxh5 Ke6
54. Rh8 Kd6 55. Rc8 Bd2 56. Kf2 Kd7 57. Rc4 Ke6 58. Bh7 Kd6 59. Be4 Ke6 60. Rc5
Bb4 61. Rc1 Bd2 62. Rc5 Bb4 63. Rd5 Nb3 64. Rd8 Ke7 65. Rg8 Nc5 66. Bc6 Ne6 67.
Ke3 Nc5 68. Rg6 Kf7 69. Rh6 Ke7 70. Bb5 Ba3 71. Rc6 Bc1+ 72. Kf2 Ba3 73. Kg3 Ne6
74. Ra6 Bb4 75. Kg4 Nd4 76. Bc4 Bd2 77. Rb6 Kd7 78. Bd5 Kc7 79. Ra6 Kd7 80. Kh5
Ne2 81. Be4 Ke7 82. Kg6 Nd4 83. Bd5 Be1 84. Ra7+ Kd6 85. Be4 Ke6 86. Rc7 Bd2 87.
Rf7 Bb4 88. Bf5+ Kd5 89. Rd7+ Bd6 90. Ra7 Bb4 91. Bg4 Nb3 92. Kf6 Nc5 93. Kf5
Nxa4 94. Rd7+ Bd6 95. f4 Nb6 96. Bf3+ Kc5 97. Ra7 exf4 98. Rxa5+ Kb4 99. Ra6 Nc4
100. Be2 Ne3+ 101. Ke4 Kc5 102. Ra4 Bc7 103. Ra1 Kc6 104. Rc1+ Kd7 105. Bb5+ Kd8
106. Rh1 Kc8 107. Bc6 Bd6 108. Rh7 Kb8 109. Kd4 Kc8 110. Rf7 Kb8 111. Rd7 Kc8
112. Ke4 Bc7 113. Rg7 Bd6 114. Kd3 Kb8 115. Rh7 Be5 116. Ke4 Bd6 117. Kd4 Kc8
118. Rd7 Bb4 119. Ke4 Nc4 120. Rd4 Na5 121. Bd5 Bd6 122. Be6+ Kc7 123. Kd5 f3
124. Rd3 f2 125. Rf3 Bg3 126. Bh3 Bh4 127. Bf1 Nb7 128. Rh3 Bg5 129. Rf3 Bh4
130. Ke4 Nc5+ 131. Kf4 Nd7 132. Kf5 Kd6 133. Rd3+ Ke7 134. Rd2 Bg3 135. Re2+ Kd6
136. Kg4 Be5 137. Rxf2 Nc5 138. Kf5 Bc3 139. Rc2 Ba5 140. Bc4 Na4 141. Ra2 Nb6
142. Bf7 Bc3 143. Ke4 Nd7 144. Ra3 Nc5+ 145. Kf5 Bb2 146. Ra2 Bc3 147. Rc2 Bg7
148. Rg2 Bc3 149. Rg6+ Ke7 150. Bd5 Bd4 151. Rg4 Bh8 152. Rg6 Bd4 153. Kf4 Kd7
154. Kf3 Ke7 155. Ke2 Kd7 156. Kd2 Ke7 157. Kc2 Bf6 158. Rh6 Bd4 159. Kb1 Nd3
160. Re6+ Kd7 161. Re4 Bf6 162. Ka2 Nc5 163. Re2 Kd6 164. Bc4 Bc3 165. Ka3 Ba5
166. Re6+ Nxe6 167. Bxe6 Kxe6 1/2-1/2

[Event "Qatar Masters Open 2024"]
[Site "Doha QAT"]
[Date "2024.12.12"]
[Round "9.8"]
[White "Abdisalimov, Abdimalik"]
[Black "Yakubboev, Nodirbek"]
[Result "1/2-1/2"]
[WhiteTitle "GM"]
[BlackTitle "GM"]
[WhiteElo "2536"]
[BlackElo "2668"]
[WhiteFideId "14206323"]
[BlackFideId "14203987"]
[EventDate "2024.12.03"]

1. e4 e5 2. Nf3 Nc6 3. Bb5 a6 4. Ba4 Nf6 5. O-O Nxe4 6. d4 b5 7. Bb3 d5 8. dxe5
Be6 9. c3 Be7 10. Nbd2 Nc5 11. Bc2 d4 12. Nb3 d3 13. Nxc5 dxc2 14. Qxd8+ Rxd8
15. Nxe6 fxe6 16. Be3 Rd5 17. Rac1 Nxe5 18. Nxe5 Rxe5 19. Rxc2 Kf7 20. Rd1 Rd8
21. Rxd8 Bxd8 22. Kf1 Bg5 23. Bxg5 Rxg5 24. Rd2 Ke7 25. Rd1 Rf5 26. Rd2 Rg5 27.
Rd1 Rf5 28. Rd2 Rg5 29. Rd1 Rf5 1/2-1/2

[Event "Qatar Masters Open 2024"]
[Site "Doha QAT"]
[Date "2024.12.12"]
[Round "9.9"]
[White "Galaviz Medina, Sion Radamantys"]
[Black "Narayanan, S.L."]
[Result "1/2-1/2"]
[WhiteTitle "IM"]
[BlackTitle "GM"]
[WhiteElo "2508"]
[BlackElo "2647"]
[WhiteFideId "5123119"]
[BlackFideId "5058422"]
[EventDate "2024.12.03"]

1. d4 d6 2. e4 Nf6 3. Nc3 e5 4. Nge2 c6 5. h3 h5 6. a4 Be7 7. Be3 Qa5 8. Qd2
Nbd7 9. Ng3 g6 10. Bd3 exd4 11. Bxd4 b5 12. O-O b4 13. Nd1 c5 14. Bxf6 Nxf6 15.
Ne3 h4 16. Ne2 Bb7 17. Nf4 Kf8 18. Rae1 Qc7 19. Nc4 Nd7 20. Nd5 Bxd5 21. exd5
Nb6 22. Nxb6 axb6 23. Qf4 Kg7 24. b3 Rh5 25. Qe4 Re5 26. Qc4 Rh8 27. f4 Rxe1 28.
Rxe1 Bf6 29. Qe4 Bc3 30. Qe7 Qxe7 31. Rxe7 Rh5 32. Kf2 Rxd5 33. Rxf7+ 1/2-1/2

[Event "Qatar Masters Open 2024"]
[Site "Doha QAT"]
[Date "2024.12.12"]
[Round "9.10"]
[White "Bharath, Subramaniyam H"]
[Black "Nguyen, Ngoc Truong Son"]
[Result "1/2-1/2"]
[WhiteTitle "GM"]
[BlackTitle "GM"]
[WhiteElo "2561"]
[BlackElo "2646"]
[WhiteFideId "46634827"]
[BlackFideId "12401110"]
[EventDate "2024.12.03"]

1. e4 e5 2. Nf3 Nc6 3. Nc3 Nf6 4. d4 exd4 5. Nxd4 Bb4 6. Nxc6 bxc6 7. Bd3 d5 8.
exd5 cxd5 9. O-O O-O 10. h3 c6 11. Qf3 Rb8 12. Bf4 Bd6 13. b3 Be6 14. Ne2 Re8
15. Rad1 c5 16. Rfe1 h6 17. Bxd6 Qxd6 18. Nf4 g5 19. Nh5 Nxh5 20. Qxh5 Kg7 21.
h4 Qf4 22. hxg5 Qxg5 23. Qh2 Bg4 24. f4 Qf6 25. Qg3 h5 26. Re5 Rxe5 27. fxe5 Qg5
28. Rf1 h4 29. Qf4 Qxf4 30. Rxf4 Rb4 31. c4 1/2-1/2

[Event "Qatar Masters Open 2024"]
[Site "Doha QAT"]
[Date "2024.12.12"]
[Round "9.11"]
[White "Naiditsch, Arkadij"]
[Black "Srihari, L R"]
[Result "0-1"]
[WhiteTitle "GM"]
[BlackTitle "IM"]
[WhiteElo "2636"]
[BlackElo "2484"]
[WhiteFideId "4650891"]
[BlackFideId "46617116"]
[EventDate "2024.12.03"]

1. Nf3 d5 2. g3 b6 3. Bg2 Bb7 4. d4 e6 5. O-O Nd7 6. a4 a6 7. Ne5 Bd6 8. Nxd7
Qxd7 9. c4 Nf6 10. Nc3 O-O 11. a5 Bb4 12. cxd5 Nxd5 13. Na2 bxa5 14. Nxb4 axb4
15. Ra5 Rfd8 16. Qc2 Qd6 17. Rc5 Qb6 18. e4 Nf6 19. Bf4 Rxd4 20. Bxc7 Qa7 21.
Be5 Rd2 22. Qc1 Rad8 23. Bc7 R8d7 24. Ba5 h6 25. Rc4 Ng4 26. Rxb4 Rxf2 27. Bb6
Rxf1+ 28. Bxf1 Qa8 29. Rd4 Rxd4 30. Bxd4 Bxe4 31. Qc4 a5 32. Qc3 Qd5 33. h3 Nf6
34. Bxf6 gxf6 35. Qxf6 Qd2 36. g4 Qe3+ 37. Qf2 Qg5 38. Qd4 Qf4 39. Bg2 Qc1+ 40.
Kh2 Qc7+ 41. Kg1 Bg6 42. Kf2 h5 43. Bf3 h4 44. Ke3 e5 45. Qd2 Qb6+ 46. Ke2 e4
47. Bg2 Kh7 48. Qc1 Qb3 49. Qd2 Qg3 50. Kd1 e3 51. Qe2 Qd6+ 52. Ke1 Qd4 53. Bf1
a4 0-1

[Event "Qatar Masters Open 2024"]
[Site "Doha QAT"]
[Date "2024.12.12"]
[Round "9.12"]
[White "Madaminov, Mukhiddin"]
[Black "Ivanchuk, Vasyl"]
[Result "1/2-1/2"]
[WhiteTitle "GM"]
[BlackTitle "GM"]
[WhiteElo "2501"]
[BlackElo "2630"]
[WhiteFideId "14210703"]
[BlackFideId "14100010"]
[EventDate "2024.12.03"]

1. e4 e6 2. d4 d5 3. exd5 exd5 4. Nf3 Nf6 5. Bd3 Bd6 6. Qe2+ Be7 7. O-O O-O 8.
Bg5 Nc6 9. Re1 h6 10. Bh4 Bg4 11. c3 Re8 12. Qd1 Ne4 13. Bxe7 Rxe7 14. h3 Bh5
15. Be2 Qd6 16. Nbd2 f5 17. Nxe4 fxe4 18. Nd2 Bxe2 19. Rxe2 Rf8 20. f3 exf3 21.
Nxf3 Nd8 22. Rxe7 Qxe7 23. Ne5 Nf7 24. Nxf7 Qe3+ 25. Kh2 Rxf7 26. Qe1 Qf4+ 27.
Kg1 c6 28. Qe2 Qg5 29. Qe6 Qf6 30. Qxf6 Rxf6 31. Re1 1/2-1/2

[Event "Qatar Masters Open 2024"]
[Site "Doha QAT"]
[Date "2024.12.12"]
[Round "9.13"]
[White "Fawzy, Adham"]
[Black "Pranav, V"]
[Result "0-1"]
[WhiteTitle "GM"]
[BlackTitle "GM"]
[WhiteElo "2493"]
[BlackElo "2621"]
[WhiteFideId "10613129"]
[BlackFideId "25060783"]
[EventDate "2024.12.03"]

1. e4 e5 2. Nf3 Nc6 3. Nc3 Nf6 4. Bb5 Bc5 5. O-O O-O 6. Nxe5 Nxe5 7. d4 Bd6 8.
dxe5 Bxe5 9. Bd3 Re8 10. Bg5 c6 11. Kh1 Qc7 12. f4 Bxc3 13. e5 d5 14. exf6 Bxf6
15. Bxf6 gxf6 16. Qh5 f5 17. Rf3 Qe7 18. g4 f6 19. gxf5 Bd7 20. Qh4 Kh8 21. Rg1
c5 22. Re3 Qf7 23. Reg3 c4 24. Be2 Rxe2 25. Rg7 Bxf5 26. Rxf7 Be4+ 27. Rg2 Rxg2
28. Rxh7+ Kg8 29. Rh8+ Kf7 30. Rh7+ Rg7# 0-1

[Event "Qatar Masters Open 2024"]
[Site "Doha QAT"]
[Date "2024.12.12"]
[Round "9.14"]
[White "Kazhgaleyev, Murtas"]
[Black "Paravyan, David"]
[Result "0-1"]
[WhiteTitle "GM"]
[BlackTitle "GM"]
[WhiteElo "2488"]
[BlackElo "2620"]
[WhiteFideId "13700316"]
[BlackFideId "4194985"]
[EventDate "2024.12.03"]

1. d4 d5 2. c4 dxc4 3. e3 Nf6 4. Bxc4 e6 5. Nf3 c5 6. O-O Qc7 7. b3 cxd4 8. Nxd4
Bd7 9. Bb2 Nc6 10. Nd2 Nxd4 11. Bxd4 Bc6 12. Rc1 Ba3 13. Rc2 e5 14. Ba1 Qe7 15.
Nf3 Bd6 16. Qe2 O-O 17. Rd1 Be4 18. Rcc1 Ba3 19. Bb2 Bxb2 20. Qxb2 Bxf3 21. gxf3
Rfd8 22. Bf1 Rxd1 23. Rxd1 Rc8 24. Qd2 g6 25. a4 Kg7 26. Bc4 b6 27. Kg2 Rc7 28.
Qd8 Ng8 29. Kf1 Qxd8 30. Rxd8 Ne7 31. Ke2 Kf6 32. Kf1 Nc6 33. Rf8 Rd7 34. Rc8
Ne7 35. Ra8 Nf5 36. Ke2 Kg5 37. Re8 f6 38. Rf8 Nd6 39. Be6 Re7 40. Bd5 f5 41.
Rd8 Ne8 42. Bc6 Nc7 43. Kf1 Ne6 44. Rd5 Rc7 45. Bb5 Kf6 46. Rd6 Ke7 47. Rd5 a6
48. Bc4 Rc5 49. Rd2 b5 50. Be2 Rc1+ 51. Kg2 Nc7 52. h4 Rc3 53. Bd1 b4 54. Kg3 a5
55. h5 gxh5 56. Kh4 Ne6 57. Rd5 Rc5 58. Rd2 f4 59. Kxh5 fxe3 60. fxe3 Rc3 61.
Rd5 Rxe3 62. Rxa5 Nd4 63. f4 exf4 64. Rd5 Rh3+ 65. Kg4 Rd3 66. Be2 Rg3+ 67. Kh4
Nxe2 68. Re5+ Kd6 69. Rxe2 Rxb3 70. Kg4 f3 71. Rh2 Ra3 72. Rxh7 b3 73. Kg3 Kc5
74. Rb7 Kc4 75. Kxf3 b2+ 76. Ke4 Rb3 77. Rc7+ Kb4 78. Rb7+ Ka3 0-1

[Event "Qatar Masters Open 2024"]
[Site "Doha QAT"]
[Date "2024.12.12"]
[Round "9.15"]
[White "Pranesh, M"]
[Black "Ayush, Sharma"]
[Result "1-0"]
[WhiteTitle "GM"]
[BlackTitle "IM"]
[WhiteElo "2582"]
[BlackElo "2466"]
[WhiteFideId "35028600"]
[BlackFideId "45010943"]
[EventDate "2024.12.03"]

1. e4 c5 2. Nc3 d6 3. f4 g6 4. Nf3 Bg7 5. Bb5+ Bd7 6. Bc4 Nc6 7. d3 e6 8. f5
gxf5 9. exf5 d5 10. Bb5 Nf6 11. O-O Qe7 12. Bg5 O-O-O 13. Bxc6 Bxc6 14. Ne5 Rhg8
15. Qf3 Rdf8 16. Rae1 Bh8 17. Bh4 Qc7 18. Qh3 Bd7 19. Nxf7 Rxf7 20. fxe6 Rgf8
21. Nxd5 Nxd5 22. Rxf7 Bd4+ 23. Kh1 1-0

[Event "Qatar Masters Open 2024"]
[Site "Doha QAT"]
[Date "2024.12.12"]
[Round "9.16"]
[White "Ganguly, Surya Shekhar"]
[Black "Shuvalova, Polina"]
[Result "1/2-1/2"]
[WhiteTitle "GM"]
[BlackTitle "IM"]
[WhiteElo "2578"]
[BlackElo "2504"]
[WhiteFideId "5002150"]
[BlackFideId "24171760"]
[EventDate "2024.12.03"]

1. e4 e5 2. Nf3 Nc6 3. Bb5 a6 4. Ba4 Nf6 5. O-O Be7 6. Re1 b5 7. Bb3 O-O 8. a4
Bb7 9. d3 d6 10. Nbd2 Re8 11. Nf1 h6 12. Ne3 Bf8 13. Bd2 Ne7 14. g4 Nh7 15. h4
Ng6 16. Nf5 c5 17. g5 c4 18. dxc4 bxc4 19. Bxc4 d5 20. exd5 Qc8 21. Ne3 e4 22.
h5 exf3 23. hxg6 Nxg5 24. gxf7+ Kxf7 25. d6+ Kg6 26. Ba5 Qh3 27. Bf1 Qh4 28. d7
Re4 29. d8=Q Rxd8 30. Qxd8 Bc5 31. Bc7 Rg4+ 32. Nxg4 Qxg4+ 33. Kh1 Qh4+ 34. Bh2
Qxf2 35. Qe8+ Kf6 36. Qe5+ Kg6 37. Qe8+ Kf6 38. Be5+ Kf5 39. Bd3+ Kg4 40. Rg1+
Qg2+ 41. Rxg2+ fxg2+ 42. Kh2 Nf3+ 43. Kxg2 Nd2+ 44. Kh2 Nf3+ 45. Kg2 Nd2+ 1/2-1/2

[Event "Qatar Masters Open 2024"]
[Site "Doha QAT"]
[Date "2024.12.12"]
[Round "9.17"]
[White "Chanda, Sandipan"]
[Black "Lodici, Lorenzo"]
[Result "0-1"]
[WhiteTitle "GM"]
[BlackTitle "GM"]
[WhiteElo "2480"]
[BlackElo "2564"]
[WhiteFideId "5004225"]
[BlackFideId "884189"]
[EventDate "2024.12.03"]

1. d4 Nf6 2. c4 e6 3. Nc3 Bb4 4. e3 c5 5. Ne2 Ne4 6. Bd2 Nxd2 7. Qxd2 cxd4 8.
exd4 O-O 9. a3 Be7 10. g3 d6 11. Bg2 Nd7 12. O-O Nf6 13. Rac1 Rb8 14. f4 Bd7 15.
Kh1 Qa5 16. Qd3 Rfc8 17. d5 Qa6 18. dxe6 fxe6 19. Nd4 Rxc4 20. Rfe1 Ng4 21. Qe2
Rxd4 22. Qxg4 Rd8 23. Qh5 g6 24. Qh6 Qa5 25. Rc2 Bf6 26. Rce2 Rf8 27. Bh3 Bg7
28. Qh4 Bc6+ 29. Bg2 Bxg2+ 30. Kxg2 e5 31. Qg5 Rf5 32. Qe7 exf4 33. b4 Qb6 34.
Qe6+ Kh8 35. gxf4 Rdxf4 36. Ne4 Qc6 37. b5 Rxb5 38. Qxd6 Rxe4 39. Qxc6 Rxe2+ 40.
Rxe2 bxc6 41. Re8+ Bf8 42. Rxf8+ Kg7 43. Rc8 Ra5 44. Rxc6 Rxa3 45. Rc7+ Kh6 46.
h4 a5 47. Ra7 a4 48. Ra5 Ra2+ 49. Kf3 a3 50. Kg3 Ra1 51. Kg2 Kg7 52. Ra7+ Kf6
53. Rxh7 Rb1 54. Ra7 Rb3 55. Ra6+ Kf5 56. Kf2 Rb2+ 57. Kf3 Rb3+ 58. Kf2 Rb2+ 59.
Kf3 a2 60. Ra5+ Ke6 61. Ke4 Kd6 62. Kd4 Kc6 63. Kc4 Rh2 64. Kc3 Kb6 65. Ra8 Kb5
66. Kb3 Kc5 67. Kc3 Kd5 68. Ra4 Ke5 69. Kb3 Rxh4 70. Rxa2 g5 71. Ra5+ Kf4 72.
Kc3 Rh2 73. Kd3 g4 74. Ra8 Rf2 75. Rf8+ Kg3 76. Rg8 Kf3 0-1

[Event "Qatar Masters Open 2024"]
[Site "Doha QAT"]
[Date "2024.12.12"]
[Round "9.18"]
[White "Uskov, Artem"]
[Black "Maghsoodloo, Parham"]
[Result "1-0"]
[WhiteTitle "IM"]
[BlackTitle "GM"]
[WhiteElo "2430"]
[BlackElo "2703"]
[WhiteFideId "34254854"]
[BlackFideId "12539929"]
[EventDate "2024.12.03"]

1. e4 c5 2. Nf3 d6 3. d4 cxd4 4. Nxd4 Nf6 5. Nc3 a6 6. h3 h6 7. Be3 e5 8. Nb3
Be7 9. g4 Nbd7 10. a4 b6 11. Nd2 Bb7 12. Bg2 Rc8 13. O-O Nf8 14. Nd5 Nxd5 15.
exd5 Ng6 16. c4 h5 17. a5 b5 18. cxb5 axb5 19. a6 Ba8 20. Qe2 Qd7 21. Rfc1 O-O
22. Be4 Nh4 23. Nf3 g6 24. Nxh4 Bxh4 25. Kh2 Kg7 26. a7 Rc4 27. Rxc4 bxc4 28.
Rc1 Rh8 29. g5 Qe7 30. Qd2 Rc8 31. b3 c3 32. Rxc3 Rxc3 33. Qxc3 Bxg5 34. Bb6 Qf6
35. Kg1 Qf4 36. Bg2 Qd2 37. Qxd2 Bxd2 38. Kf1 f5 39. Ke2 Bb4 40. Kd3 Kf7 41. Kc4
Bd2 42. Kb5 Ke7 43. Be3 Bxe3 44. fxe3 e4 45. Kb6 g5 46. Kc7 g4 47. hxg4 hxg4 48.
Kb8 Kd8 49. Kxa8 Kc7 50. b4 f4 51. b5 f3 52. Bf1 g3 53. b6+ Kxb6 54. Kb8 g2 55.
Ba6 g1=Q 56. a8=Q Qg8+ 57. Bc8 Qd8 58. Qc6+ Ka5 59. Qc7+ 1-0

[Event "Qatar Masters Open 2024"]
[Site "Doha QAT"]
[Date "2024.12.12"]
[Round "9.19"]
[White "Martirosyan, Haik M."]
[Black "Mammadzada, Gunay"]
[Result "1-0"]
[WhiteTitle "GM"]
[BlackTitle "IM"]
[WhiteElo "2656"]
[BlackElo "2421"]
[WhiteFideId "13306553"]
[BlackFideId "13403729"]
[EventDate "2024.12.03"]

1. e4 e5 2. Nf3 Nc6 3. Bb5 a6 4. Ba4 Nf6 5. O-O Be7 6. Bxc6 dxc6 7. d3 Nd7 8.
Be3 O-O 9. Nc3 Re8 10. Ne2 Bf8 11. Nd2 a5 12. h3 Bc5 13. Bxc5 Nxc5 14. f4 exf4
15. Rxf4 Ne6 16. Rf2 Qg5 17. Nf3 Qe3 18. Qf1 f6 19. Kh1 Ng5 20. Nh4 a4 21. Re1
Ra5 22. Ng1 Qd4 23. c3 Qd6 24. g4 Rd8 25. Re3 Be6 26. a3 Qd7 27. Nf5 c5 28. Ne2
Ra6 29. Nf4 g6 30. Ng3 Nf7 31. c4 Qe7 32. Re1 Re8 33. Ree2 Qd6 34. Kg2 c6 35. e5
Qf8 36. Ne4 Nxe5 37. Nh5 Nxd3 38. Nhxf6+ Kh8 39. Nxe8 Nxf2 40. Rxf2 1-0

[Event "Qatar Masters Open 2024"]
[Site "Doha QAT"]
[Date "2024.12.12"]
[Round "9.20"]
[White "Begmuratov, Khumoyun"]
[Black "Petrosyan, Manuel"]
[Result "1/2-1/2"]
[WhiteTitle "IM"]
[BlackTitle "GM"]
[WhiteElo "2416"]
[BlackElo "2612"]
[WhiteFideId "14210207"]
[BlackFideId "13300857"]
[EventDate "2024.12.03"]

1. e4 e6 2. d4 d5 3. Nd2 c5 4. exd5 Qxd5 5. dxc5 Nf6 6. Ngf3 Bxc5 7. Bc4 Qd8 8.
O-O O-O 9. a4 b6 10. a5 Bb7 11. Nb3 Be7 12. Qxd8 Rxd8 13. Nfd4 Rc8 14. Be2 Na6
15. c3 Nc5 16. a6 Bd5 17. Nxc5 bxc5 18. Nb5 c4 19. Bf4 Rc5 20. Nc7 Rc8 21. Nxd5
Nxd5 22. Be5 Rb5 23. Rfb1 Bd8 24. Bd4 Bb6 25. Bxb6 Rxb6 26. Bf3 Rcb8 27. Rd1
Rxb2 28. Bxd5 exd5 29. Rxd5 Rb1+ 30. Rd1 Rxa1 31. Rxa1 Rb3 32. Kf1 Rxc3 33. Ra4
g6 34. Rb4 Ra3 35. Rxc4 Rxa6 36. Rc8+ Kg7 37. g3 h5 38. h4 Kf6 39. Kg2 Rd6 40.
Rc7 a5 41. Ra7 Rd5 42. f3 g5 43. hxg5+ Rxg5 44. Ra6+ Kg7 45. Kh3 Rf5 46. Kh4 f6
47. Ra7+ Kg6 48. Kh3 Rc5 49. Ra8 Kg5 50. Ra6 Rb5 51. Ra7 Kf5 52. Kh4 Ke6 53.
Ra6+ Ke7 54. Ra7+ Ke6 55. Ra6+ Kf7 56. Ra7+ Kg6 57. Kh3 Kg5 58. Ra6 Rd5 59. Ra8
Kf5 60. Kh4 Kg6 61. Kh3 Rf5 62. Ra7 Rxf3 1/2-1/2

[Event "Qatar Masters Open 2024"]
[Site "Doha QAT"]
[Date "2024.12.12"]
[Round "9.21"]
[White "Panda, Sambit"]
[Black "Sankalp, Gupta"]
[Result "0-1"]
[WhiteTitle "IM"]
[BlackTitle "GM"]
[WhiteElo "2381"]
[BlackElo "2545"]
[WhiteFideId "25091794"]
[BlackFideId "5097010"]
[EventDate "2024.12.03"]

1. d4 Nf6 2. c4 e6 3. Nf3 d5 4. Nc3 a6 5. cxd5 exd5 6. Bg5 Be6 7. Bxf6 Qxf6 8.
Qb3 Ra7 9. h4 Qd8 10. g3 c5 11. O-O-O c4 12. Qc2 Bb4 13. Bg2 h6 14. Ne5 O-O 15.
e4 Bxc3 16. Qxc3 b5 17. f4 Qd6 18. f5 Bc8 19. g4 b4 20. Qe3 b3 21. axb3 cxb3 22.
Qxb3 dxe4 23. Bxe4 Nd7 24. Qa3 Rc7+ 25. Kb1 Qxa3 26. bxa3 Nf6 27. Bd3 Bd7 28.
Rc1 Rb7+ 29. Ka2 Bb5 30. Bxb5 axb5 31. g5 Ne4 32. Rhe1 Nd6 33. f6 b4 34. fxg7
Kxg7 35. gxh6+ Kh7 36. Rb1 Ra8 37. Re3 f6 38. Nc6 Nc4 39. Rxb4 Rxb4 40. Re7+
Kxh6 41. Nxb4 Rxa3+ 42. Kb1 Rb3+ 43. Kc2 Rxb4 44. Kc3 Nb6 45. Kxb4 Nd5+ 46. Kc5
Nxe7 47. d5 Ng6 48. d6 Nf8 49. Kd5 Kh5 50. Ke4 Kg4 51. Ke3 f5 52. h5 Kxh5 0-1